| 000 | 00817cam a22002533a 4500 | ||
|---|---|---|---|
| 001 | 49 | ||
| 003 | PGUSA | ||
| 005 | 20140828082942.0 | ||
| 008 | 930101s1993||||xxu|||||s|||||000 | eng d | ||
| 040 |
_aPGUSA _beng |
||
| 042 | _adc | ||
| 050 | 4 | _aTK | |
| 100 | 1 | _aPolly, Jean Armour | |
| 245 | 1 | 0 |
_aSurfing the Internet : _bAn Introduction : Version 2.0.2 _h[electronic resource] / _cJean Armour Polly |
| 260 |
_bProject Gutenberg, _c1993 |
||
| 506 | _aCopyrighted. Read the copyright notice inside this book for details. | ||
| 516 | _aElectronic text | ||
| 653 | _aComputer network resources -- Directories | ||
| 653 | _aInternet addresses -- Directories | ||
| 653 | _aElectronic mail systems -- Directories | ||
| 830 | 0 |
_aProject Gutenberg _v49 |
|
| 856 | 4 | 0 | _uhttp://www.gutenberg.org/ebooks/49 |
| 942 | _cEB | ||
| 999 |
_c229420 _d229420 |
||